000 01753nam0a2200325 4500
001 RU\NLR\bibl\1871965
005 20250616190802.0
010 _a978-5-8343-0725-9
_9100
021 _aRU
_b2012-7513
_9555
035 _a(NLR Aleph) 001861797
090 _a2541595
_c2541595
100 _a20120220d2011 |||y0rusy50 ca
101 0 _arus
102 _aRU
105 _aa |||||||||
200 1 _aМетодические рекомендации по проведению занятий по профессионально-нравственному воспитанию с сотрудниками органов внутренних дел
_fЕ.В. Бурцева
_gФГОУ ВПО Дальневост. юрид. ин-т М-ва внутр. дел Рос. Федерации, Владивосток. фил.
210 _aВладивосток
_cИздательский центр МГУ
_d2011
215 _a41 с.
_cил.
_d21
320 _aБиблиогр. в конце гл.
606 1 _aОрганы внутренних дел
_jМетодические пособия
_xКадры
_xНравственное воспитание
_yРоссийская Федерация
_92309591
_3RU\NLR\auth\661382314
606 1 _aУчебные заведения МВД Российской Федерации
_jМетодические пособия
_xКурсанты
_xДуховно-нравственное воспитание
_92607970
_3RU\NLR\auth\661544528
686 _aХ621.163.01п3я7
686 _aЧ459.413.52я8
700 1 _aБурцева
_bЕ. В.
_gЕвгения Валерьевна
_4070
801 0 _aRU
_bNLR
_c20120220
_gRCR
801 1 _aRU
_bNLR
_c20120220
942 _cBOOK
980 _aNB
980 _aNBR